[Event "Rottach Egern Seniors Cup 13th"]
[Site "Rottach Egern"]
[Date "2025.04.02"]
[Round "5"]
[White "Brunner, Helmut"]
[Black "Ivkin, Michael"]
[Result "1/2-1/2"]
[WhiteElo "1979"]
[BlackElo "1841"]
[PlyCount "52"]
[EventDate "2025.03.29"]
[EventType "swiss"]
[EventRounds "9"]
[EventCountry "GER"]
[SourceTitle "CB16_2025"]
[SourceDate "2025.04.16"]
[SourceVersion "1"]
[SourceVersionDate "2025.04.16"]
[SourceQuality "1"]

1. e4 c5 2. g3 Nc6 3. Bg2 d6 4. d3 g6 5. f4 Bg7 6. c3 e5 7. Nf3 Nge7 8. Be3 b6 9. 0-0 Bg4 10. Qc2 Qd7 11. Nbd2 0-0 12. a4 Bh3 13. Rad1 Bxg2 14. Kxg2 d5 15. fxe5 Nxe5 16. Nxe5 Bxe5 17. Bf4 Bxf4 18. Rxf4 dxe4 19. dxe4 Rad8 20. Rff1 Qc6 21. Kg1 f5 22. Rde1 fxe4 23. Rxf8+ Rxf8 24. Qxe4 Qxe4 25. Rxe4 Rf7 26. Nc4 Kf8 1/2-1/2

[Event "Rottach Egern Seniors Cup 12th"]
[Site "Rottach Egern"]
[Date "2024.04.09"]
[Round "4"]
[White "Baumann, Bettina"]
[Black "Ivkin, Michael"]
[Result "1-0"]
[WhiteElo "1713"]
[BlackElo "1861"]
[PlyCount "83"]
[EventDate "2024.04.06"]
[EventType "swiss"]
[EventRounds "9"]
[EventCountry "GER"]
[SourceTitle "CBM 219 Extra"]
[Source "ChessBase"]
[SourceDate "2024.05.31"]
[SourceVersion "1"]
[SourceVersionDate "2024.05.31"]
[SourceQuality "1"]

1. d4 Nf6 2. c4 g6 3. Nc3 Bg7 4. Nf3 d6 5. e3 0-0 6. Be2 Nbd7 7. 0-0 b6 8. Bd2 Bb7 9. Rc1 c5 10. d5 Ng4 11. b3 a6 12. a4 h6 13. h3 Ngf6 14. Nh2 Kh7 15. Ng4 Nh5 16. Qc2 f5 17. Nh2 Bc8 18. e4 Ne5 19. Bxh5 gxh5 20. f4 Ng6 21. Rce1 Bd4+ 22. Kh1 Rf7 23. Qd1 h4 24. Nf3 Bf6 25. e5 Bg7 26. e6 Rf8 27. Qc2 Rf6 28. Nd1 b5 29. Nh2 bxc4 30. bxc4 Qh8 31. Ne3 Rb8 32. Nxf5 Rxf5 33. Qxf5 Bf6 34. Rb1 Bb7 35. Qh5 Qf8 36. Ng4 Bg7 37. f5 Ne5 38. Nxe5 Bxe5 39. Qg6+ Kh8 40. Bxh6 Qg8 41. Qxg8+ Kxg8 42. Bg5 1-0

[Event "Wiesbaden op 32nd"]
[Site "Wiesbaden"]
[Date "2023.08.26"]
[Round "5"]
[White "Ivkin, Michael"]
[Black "Will, Elina"]
[Result "1-0"]
[WhiteElo "1818"]
[BlackElo "1295"]
[PlyCount "87"]
[EventDate "2023.08.24"]
[EventType "swiss"]
[EventRounds "7"]
[EventCountry "GER"]
[SourceTitle "CBM 216 Extra"]
[Source "ChessBase"]
[SourceDate "2023.11.30"]
[SourceVersion "1"]
[SourceVersionDate "2023.11.30"]
[SourceQuality "1"]

1. d4 Nf6 2. Nf3 d5 3. e3 Bf5 4. Nh4 Bg6 5. Nxg6 hxg6 6. Nd2 e6 7. c4 Nbd7 8. Nf3 c6 9. Qb3 Qb6 10. Qxb6 Nxb6 11. c5 Nbd7 12. b4 Be7 13. Bd3 0-0-0 14. a4 Kc7 15. Ng5 Rdf8 16. b5 Ng4 17. Nf3 Rb8 18. h3 Nh6 19. 0-0 g5 20. e4 g6 21. Nxg5 Bf6 22. e5 Be7 23. f4 Bxg5 24. fxg5 Nf5 25. Bxf5 gxf5 26. Bd2 Rbc8 27. Kf2 Kb8 28. Kf3 Rh4 29. Bf4 Nf8 30. Rh1 Ng6 31. g3 Rh7 32. h4 Nxf4 33. Kxf4 Kc7 34. h5 Rg8 35. h6 Kd7 36. Rab1 Rc8 37. g4 fxg4 38. Kxg4 Rg8 39. Kh5 Rhh8 40. Rhf1 Rh7 41. Rf6 Rgh8 42. Rbf1 Ke7 43. bxc6 bxc6 44. Rb1 1-0

[Event "Wiesbaden op 32nd"]
[Site "Wiesbaden"]
[Date "2023.08.25"]
[Round "3"]
[White "Ivkin, Michael"]
[Black "Neininger, Sarah"]
[Result "1/2-1/2"]
[WhiteElo "1818"]
[BlackElo "1494"]
[PlyCount "66"]
[EventDate "2023.08.24"]
[EventType "swiss"]
[EventRounds "7"]
[EventCountry "GER"]
[SourceTitle "CBM 216 Extra"]
[Source "ChessBase"]
[SourceDate "2023.11.30"]
[SourceVersion "1"]
[SourceVersionDate "2023.11.30"]
[SourceQuality "1"]

1. d4 d5 2. Nf3 Nf6 3. e3 e6 4. Bd3 Bd6 5. Nbd2 c5 6. b3 cxd4 7. exd4 0-0 8. Ne5 b6 9. 0-0 Ba6 10. Qe2 Bxd3 11. Qxd3 Qc7 12. Bb2 Nc6 13. Nxc6 Qxc6 14. Rac1 Rfe8 15. f4 Qc7 16. g3 a5 17. a4 Bb4 18. c3 Bd6 19. Rc2 Rac8 20. Rfc1 Qe7 21. Qb5 Ng4 22. Qe2 Nh6 23. Nf3 f6 24. Re1 Nf7 25. c4 Bb4 26. Rec1 dxc4 27. Rxc4 Rxc4 28. Rxc4 Bd6 29. Qc2 e5 30. fxe5 fxe5 31. dxe5 Nxe5 32. Nxe5 Bxe5 33. Bxe5 Qxe5 1/2-1/2

[Event "Wiesbaden op 32nd"]
[Site "Wiesbaden"]
[Date "2023.08.24"]
[Round "1"]
[White "Ivkin, Michael"]
[Black "Gramb, Marius"]
[Result "1/2-1/2"]
[WhiteElo "1818"]
[BlackElo "2219"]
[PlyCount "132"]
[EventDate "2023.08.24"]
[EventType "swiss"]
[EventRounds "7"]
[EventCountry "GER"]
[SourceTitle "CBM 216 Extra"]
[Source "ChessBase"]
[SourceDate "2023.11.30"]
[SourceVersion "1"]
[SourceVersionDate "2023.11.30"]
[SourceQuality "1"]

1. d4 Nf6 2. Nf3 e6 3. e3 d5 4. Ne5 Bd6 5. Bd3 0-0 6. Nd2 b6 7. 0-0 Bb7 8. b3 c5 9. Bb2 Qc7 10. f4 Ne4 11. Nxe4 dxe4 12. Bc4 a6 13. a4 Bxe5 14. dxe5 Nc6 15. Bc3 Ne7 16. Qe2 Rfd8 17. Rad1 a5 18. g4 Rxd1 19. Rxd1 Rd8 20. Be1 Rd7 21. Bh4 Ng6 22. Rxd7 Qxd7 23. Bb5 Qc7 24. Bg3 h6 25. Qd2 Bc6 26. f5 Nf8 27. Bc4 Qd7 28. Qd6 Qxd6 29. exd6 exf5 30. gxf5 Bd7 31. Bh4 Bxf5 32. Bd8 Nd7 33. Bb5 g5 34. Bxd7 Bxd7 35. Bxb6 c4 36. Bxa5 cxb3 37. cxb3 Kf8 38. Bd8 f5 39. a5 Bb5 40. Kf2 Ke8 41. Be7 f4 42. h4 fxe3+ 43. Kxe3 gxh4 44. Bxh4 Kd7 45. Bg3 Bd3 46. Kd4 Kc6 47. b4 h5 48. Ke5 Bc4 49. Kxe4 h4 50. Bh2 Bf1 51. Kf5 Kd7 52. Kg4 h3 53. a6 Bxa6 54. Kxh3 Ke6 55. Kg4 Bb5 56. Kf3 Kd5 57. Bf4 Bd7 58. Ke3 Bb5 59. Bg3 Ba4 60. Kd3 Bb5+ 61. Kc3 Ba4 62. Bf4 Bd7 63. Kb3 Bb5 64. Kc3 Bd7 65. Kb3 Bb5 66. Kc3 Bd7 1/2-1/2

[Event "Lueneburg op-A"]
[Site "Lueneburg"]
[Date "2016.07.02"]
[Round "3"]
[White "Hagemann, Sven"]
[Black "Ivkin, Michael"]
[Result "1-0"]
[WhiteElo "2004"]
[BlackElo "1804"]
[PlyCount "95"]
[EventDate "2016.07.01"]
[EventType "swiss"]
[EventRounds "9"]
[EventCountry "GER"]
[SourceTitle "CBM 173 Extra"]
[Source "ChessBase"]
[SourceDate "2016.08.29"]
[SourceVersion "1"]
[SourceVersionDate "2016.08.29"]
[SourceQuality "1"]

1. e4 e6 2. d4 d5 3. Nd2 Ne7 4. Ngf3 Ng6 5. h4 h5 6. g3 Bb4 7. c3 Be7 8. e5 Nd7 9. Be2 Ngf8 10. Ng5 g6 11. Ndf3 Nh7 12. Nxh7 Rxh7 13. Ng5 Rg7 14. g4 hxg4 15. Bxg4 Nf8 16. Be3 Nh7 17. Qf3 c6 18. Nxh7 Rxh7 19. h5 Kd7 20. hxg6 Rxh1+ 21. Qxh1 fxg6 22. Qh7 Qe8 23. Bg5 Kd8 24. Bf6 b6 25. 0-0-0 Rb8 26. Bxe7+ Qxe7 27. Qxg6 Rb7 28. Qg8+ Qe8 29. Qxe8+ Kxe8 30. Rh1 Re7 31. Rh6 c5 32. Kd2 Kd7 33. Ke3 Kc6 34. Kf4 Kb5 35. Be2+ Kc6 36. Rh8 Rf7+ 37. Ke3 Bd7 38. f4 Re7 39. Bd3 Rg7 40. Kf2 cxd4 41. cxd4 Kb7 42. Rh7 Rxh7 43. Bxh7 Kc6 44. Bg8 Kb5 45. f5 exf5 46. Bxd5 Bc6 47. Bxc6+ Kxc6 48. Ke3 1-0

[Event "Lueneburg op-A"]
[Site "Lueneburg"]
[Date "2016.07.01"]
[Round "1"]
[White "Persson, Andreas"]
[Black "Ivkin, Michael"]
[Result "1-0"]
[WhiteElo "2181"]
[BlackElo "1804"]
[PlyCount "123"]
[EventDate "2016.07.01"]
[EventType "swiss"]
[EventRounds "9"]
[EventCountry "GER"]
[SourceTitle "CBM 173 Extra"]
[Source "ChessBase"]
[SourceDate "2016.08.29"]
[SourceVersion "1"]
[SourceVersionDate "2016.08.29"]
[SourceQuality "1"]

1. d4 Nf6 2. c4 g6 3. Nf3 Bg7 4. g3 c5 5. Bg2 0-0 6. 0-0 cxd4 7. Qxd4 Nc6 8. Qh4 Qa5 9. Bh6 Qh5 10. Bxg7 Qxh4 11. Nxh4 Kxg7 12. c5 Rb8 13. Nc3 Ne8 14. Rfd1 d6 15. Na4 Ne5 16. Rac1 Bd7 17. Rd4 Bc6 18. e4 f5 19. f4 Bxa4 20. fxe5 Bc6 21. cxd6 exd6 22. exd6 fxe4 23. Bxe4 Bxe4 24. Rxe4 Nxd6 25. Re7+ Rf7 26. Rxf7+ Nxf7 27. Rc7 a5 28. Nf3 Kf6 29. Kf2 h6 30. Rc5 a4 31. Ra5 Rc8 32. Rb5 Rc2+ 33. Ke3 Nd6 34. Rb6 Ke7 35. Kd3 Rf2 36. Ke3 Rxb2 37. Rxb2 Nc4+ 38. Kd3 Nxb2+ 39. Kc3 Nd1+ 40. Kb4 Ne3 41. Kxa4 Kd6 42. Kb5 Nd5 43. a3 g5 44. h3 b6 45. Nd2 Kc7 46. Ne4 Ne3 47. Nf6 Kb7 48. g4 Ng2 49. Nd5 Nf4 50. Nxf4 gxf4 51. Kc4 b5+ 52. Kd4 Kb6 53. h4 Ka5 54. g5 hxg5 55. hxg5 f3 56. Ke3 Ka4 57. g6 Kxa3 58. g7 b4 59. g8Q b3 60. Qa8+ Kb4 61. Kd2 f2 62. Qa6 1-0

[Event "Goch op 24th"]
[Site "Goch"]
[Date "2013.09.08"]
[Round "7"]
[White "Backes, Juergen"]
[Black "Ivkin, Michael"]
[Result "1-0"]
[WhiteElo "1710"]
[BlackElo "1821"]
[PlyCount "63"]
[EventDate "2013.09.05"]
[EventType "swiss"]
[EventRounds "7"]
[EventCountry "GER"]
[SourceTitle "EXT 2015"]
[Source "ChessBase"]
[SourceDate "2014.11.20"]
[SourceVersion "1"]
[SourceVersionDate "2014.11.20"]
[SourceQuality "1"]

1. d4 Nf6 2. Nf3 g6 3. c4 Bg7 4. Nc3 0-0 5. e4 d6 6. h3 c5 7. d5 Nbd7 8. Be3 h6 9. Qd2 Kh7 10. Bd3 Ng8 11. g4 Ne5 12. Nxe5 Bxe5 13. f4 Bg7 14. 0-0-0 a6 15. f5 Bd7 16. g5 h5 17. Ne2 b5 18. Nf4 bxc4 19. Bxc4 Rb8 20. b3 a5 21. Qe2 a4 22. Nxh5 axb3 23. Nxg7 bxa2 24. Qxa2 Kxg7 25. Qa1+ Kh7 26. Rdf1 Rb4 27. Bd3 Bb5 28. Bxb5 Rxb5 29. h4 Qa8 30. fxg6+ fxg6 31. Rf7+ Rxf7 32. Qxa8 1-0

[Event "Goch op 24th"]
[Site "Goch"]
[Date "2013.09.08"]
[Round "6"]
[White "Ivkin, Michael"]
[Black "Der, Josef"]
[Result "1/2-1/2"]
[WhiteElo "1821"]
[BlackElo "1756"]
[PlyCount "44"]
[EventDate "2013.09.05"]
[EventType "swiss"]
[EventRounds "7"]
[EventCountry "GER"]
[SourceTitle "EXT 2015"]
[Source "ChessBase"]
[SourceDate "2014.11.20"]
[SourceVersion "1"]
[SourceVersionDate "2014.11.20"]
[SourceQuality "1"]

1. d4 d5 2. Nf3 Nf6 3. e3 e6 4. Bd3 Bd6 5. Nbd2 0-0 6. b3 Nbd7 7. Bb2 b6 8. 0-0 Bb7 9. Ne5 c5 10. Qe2 Qc7 11. f4 Rac8 12. c3 Ne4 13. Nxe4 dxe4 14. Bb5 Nf6 15. Rac1 Ra8 16. Qf2 a6 17. Be2 Qe7 18. g4 Nd5 19. Nc4 Bc7 20. dxc5 bxc5 21. Kh1 Nxf4 22. Rfd1 Rad8 1/2-1/2

[Event "Goch op 24th"]
[Site "Goch"]
[Date "2013.09.07"]
[Round "5"]
[White "Duessler, Stefanie"]
[Black "Ivkin, Michael"]
[Result "1-0"]
[WhiteElo "2036"]
[BlackElo "1821"]
[PlyCount "47"]
[EventDate "2013.09.05"]
[EventType "swiss"]
[EventRounds "7"]
[EventCountry "GER"]
[SourceTitle "EXT 2015"]
[Source "ChessBase"]
[SourceDate "2014.11.20"]
[SourceVersion "1"]
[SourceVersionDate "2014.11.20"]
[SourceQuality "1"]

1. e4 e6 2. d4 d5 3. Nd2 Nf6 4. e5 Nfd7 5. Bd3 c5 6. c3 Nc6 7. Ne2 cxd4 8. cxd4 Bb4 9. 0-0 f6 10. exf6 Nxf6 11. Nf3 0-0 12. Bg5 Bd7 13. Rc1 Rc8 14. Bb1 Be8 15. Ng3 Bd6 16. Re1 Qd7 17. Ne5 Bxe5 18. dxe5 Ne4 19. Nxe4 dxe4 20. Bxe4 Qxd1 21. Rcxd1 h6 22. Be3 Nxe5 23. Bxa7 Ra8 24. Bc5 1-0

[Event "Eschborn op 10th"]
[Site "Eschborn"]
[Date "2013.09.01"]
[Round "4"]
[White "Schulze, Manfred"]
[Black "Ivkin, Michael"]
[Result "1-0"]
[WhiteElo "1801"]
[BlackElo "1673"]
[PlyCount "89"]
[EventDate "2013.08.30"]
[EventType "swiss"]
[EventRounds "5"]
[EventCountry "GER"]
[SourceTitle "EXT 2014"]
[Source "ChessBase"]
[SourceDate "2013.11.20"]
[SourceVersion "1"]
[SourceVersionDate "2013.11.20"]
[SourceQuality "1"]

1. e4 e6 2. d3 d5 3. Nd2 c5 4. Ngf3 Nc6 5. g3 Nf6 6. Bg2 dxe4 7. dxe4 e5 8. 0-0 Qc7 9. c3 Bg4 10. Qc2 Be7 11. Nc4 Rd8 12. Bg5 h6 13. Bxf6 Bxf6 14. Ne3 Be6 15. Rfd1 Qc8 16. Qa4 a6 17. h4 0-0 18. Qc2 b5 19. Kh2 Rxd1 20. Rxd1 Bd8 21. Ne1 c4 22. Nd5 f5 23. f3 f4 24. Qf2 Ne7 25. Nxe7+ Bxe7 26. Nc2 fxg3+ 27. Qxg3 Rf4 28. Ne3 Bxh4 29. Qg6 Bf2 30. Nf5 Bxf5 31. exf5 Rxf5 32. Bh3 Rg5 33. Qxg5 Qxh3+ 34. Kxh3 hxg5 35. Kg4 Be3 36. Kf5 Bf4 37. b3 cxb3 38. axb3 a5 39. Ra1 a4 40. bxa4 bxa4 41. Rxa4 Kf7 42. Ra7+ Ke8 43. c4 Kd8 44. Rxg7 Kc8 45. Rxg5 1-0

[Event "Wiesbaden op 25th"]
[Site "Wiesbaden"]
[Date "2013.08.25"]
[Round "6"]
[White "Ivkin, Michael"]
[Black "Malzahn, Sven"]
[Result "0-1"]
[WhiteElo "1821"]
[BlackElo "2017"]
[PlyCount "80"]
[EventDate "2013.08.22"]
[EventType "swiss"]
[EventRounds "7"]
[EventCountry "GER"]
[SourceTitle "CBM 156 Extra"]
[Source "ChessBase"]
[SourceDate "2013.10.22"]
[SourceVersion "1"]
[SourceVersionDate "2013.10.22"]
[SourceQuality "1"]

1. d4 Nf6 2. c4 c5 3. d5 b5 4. cxb5 a6 5. e3 Bb7 6. Nc3 axb5 7. Bxb5 Qa5 8. Bc4 e6 9. Bd2 Qb6 10. e4 Nxe4 11. Nf3 Nxd2 12. Qxd2 Be7 13. 0-0 0-0 14. Ne5 Bf6 15. f4 d6 16. Ng4 Bd4+ 17. Kh1 Ba6 18. Bxa6 Nxa6 19. f5 exf5 20. Rxf5 Qb4 21. h3 f6 22. Re1 Rae8 23. Rff1 Nc7 24. Rxe8 Rxe8 25. Re1 Rxe1+ 26. Qxe1 h5 27. Qe7 hxg4 28. Qxc7 Qxb2 29. Qc8+ Kh7 30. Qxg4 Qc1+ 31. Nd1 g6 32. h4 f5 33. Qe2 Be5 34. a4 Qf4 35. Kg1 Qxa4 36. h5 Qd4+ 37. Ne3 f4 38. hxg6+ Kg7 39. Qh5 Qxe3+ 40. Kf1 Qd3+ 0-1

[Event "Wiesbaden op 25th"]
[Site "Wiesbaden"]
[Date "2013.08.22"]
[Round "1"]
[White "Ruppert, Wolfgang"]
[Black "Ivkin, Michael"]
[Result "1-0"]
[WhiteElo "2167"]
[BlackElo "1822"]
[PlyCount "51"]
[EventDate "2013.08.22"]
[EventType "swiss"]
[EventRounds "7"]
[EventCountry "GER"]
[SourceTitle "EXT 2014"]
[Source "ChessBase"]
[SourceDate "2013.11.20"]
[SourceVersion "1"]
[SourceVersionDate "2013.11.20"]
[SourceQuality "1"]

1. e4 e6 2. d4 d5 3. Nc3 dxe4 4. Nxe4 Nf6 5. Bg5 Be7 6. Bxf6 Bxf6 7. Nxf6+ Qxf6 8. Nf3 b6 9. Qd2 Bb7 10. Ne5 0-0 11. f4 Rd8 12. Bd3 Nc6 13. c3 Nxe5 14. fxe5 Qh4+ 15. g3 Qe7 16. 0-0 c5 17. Rf4 cxd4 18. cxd4 Rd7 19. Raf1 Rf8 20. Rh4 h6 21. Rf6 Rxd4 22. Rxd4 Qc5 23. Rf2 Qxe5 24. Qf4 Qc5 25. b4 Qc3 26. Qxf7+ 1-0

[Event "Wiesbaden op 24th"]
[Site "Wiesbaden"]
[Date "2012.08.25"]
[Round "4"]
[White "Van Boemmel, Philipp"]
[Black "Ivkin, Michael"]
[Result "1-0"]
[WhiteElo "1728"]
[BlackElo "1827"]
[PlyCount "77"]
[EventDate "2012.08.23"]
[EventType "swiss"]
[EventRounds "7"]
[EventCountry "GER"]
[SourceTitle "CBM 150 Extra"]
[Source "ChessBase"]
[SourceDate "2012.10.19"]
[SourceVersion "1"]
[SourceVersionDate "2012.10.19"]
[SourceQuality "1"]

1. c4 Nf6 2. g3 g6 3. Bg2 Bg7 4. Nc3 0-0 5. Nf3 c6 6. d4 d5 7. cxd5 cxd5 8. 0-0 Nc6 9. Bg5 h6 10. Bf4 Nh5 11. Be3 Be6 12. Qd2 Kh7 13. Rac1 f5 14. Na4 Qd6 15. Nc5 b6 16. Nxe6 Qxe6 17. Rc3 Rad8 18. Rfc1 Rd6 19. Bf4 Nxf4 20. gxf4 Nb8 21. Ne5 Rfd8 22. b4 Nd7 23. b5 Nxe5 24. fxe5 R6d7 25. Rc6 Qg8 26. R1c3 e6 27. Qc1 Qf7 28. f4 Bf8 29. Rc8 Be7 30. R8c7 Bh4 31. Rxd7 Rxd7 32. Rc8 g5 33. e3 g4 34. Qc6 Be1 35. Rf8 Qe7 36. Rf6 Rc7 37. Rxe6 Qd7 38. Rxh6+ Kg7 39. Qf6+ 1-0

[Event "Rhein Main op-A 15th"]
[Site "Bad Homburg"]
[Date "2012.06.09"]
[Round "6"]
[White "Kopf, Rainer"]
[Black "Ivkin, Michael"]
[Result "0-1"]
[WhiteElo "1969"]
[BlackElo "1790"]
[PlyCount "106"]
[EventDate "2012.06.06"]
[EventType "swiss"]
[EventRounds "7"]
[EventCountry "GER"]
[SourceTitle "EXT 2013"]
[Source "ChessBase"]
[SourceDate "2012.11.22"]
[SourceVersion "1"]
[SourceVersionDate "2012.11.22"]
[SourceQuality "1"]

1. d4 Nc6 2. Nf3 d5 3. Bf4 Bg4 4. Nbd2 Nf6 5. h3 Bh5 6. e3 e6 7. c3 Ne4 8. Bd3 Nxd2 9. Qxd2 Bxf3 10. gxf3 Bd6 11. e4 Bxf4 12. Qxf4 g5 13. Qe3 Qe7 14. Rg1 h6 15. 0-0-0 0-0-0 16. e5 f5 17. Kb1 f4 18. Qe2 Nb8 19. Qc2 c5 20. c4 Nc6 21. Qa4 Kb8 22. cxd5 Rxd5 23. Be4 Rxd4 24. Rxd4 Nxd4 25. Rd1 Rd8 26. a3 Qc7 27. b4 Qxe5 28. bxc5 Qxc5 29. Rc1 Qb5+ 30. Qb4 Qxb4+ 31. axb4 Rc8 32. Rh1 Rc4 33. h4 Rxb4+ 34. Ka2 b6 35. hxg5 hxg5 36. Rh8+ Kc7 37. Rh7+ Kd6 38. Rxa7 Nb5 39. Ra8 Nc3+ 40. Ka3 Rb5 41. Rd8+ Ke7 42. Rd4 Nxe4 43. fxe4 e5 44. Rd1 Rc5 45. Kb3 Rc6 46. Rg1 Kf6 47. Rh1 Kg6 48. Rh8 f3 49. Re8 g4 50. Rxe5 g3 51. Rd5 g2 52. Rd1 Kg5 53. Re1 Rh6 0-1

[Event "Rhein Main op-A 15th"]
[Site "Bad Homburg"]
[Date "2012.06.08"]
[Round "4"]
[White "Geyler, Stefan"]
[Black "Ivkin, Michael"]
[Result "1-0"]
[WhiteElo "1950"]
[BlackElo "1790"]
[PlyCount "47"]
[EventDate "2012.06.06"]
[EventType "swiss"]
[EventRounds "7"]
[EventCountry "GER"]
[SourceTitle "EXT 2013"]
[Source "ChessBase"]
[SourceDate "2012.11.22"]
[SourceVersion "1"]
[SourceVersionDate "2012.11.22"]
[SourceQuality "1"]

1. e4 c6 2. Nc3 d5 3. Nf3 Bg4 4. h3 Bh5 5. exd5 cxd5 6. Bb5+ Nc6 7. g4 Bg6 8. Ne5 Rc8 9. d4 e6 10. Qe2 Bb4 11. h4 Rc7 12. h5 f6 13. Nxc6 bxc6 14. hxg6 Bxc3+ 15. bxc3 h6 16. Bd3 e5 17. 0-0 e4 18. f3 h5 19. fxe4 hxg4 20. Qxg4 Ne7 21. Qe6 Qc8 22. exd5 cxd5 23. Bb5+ Kd8 24. Qd6+ 1-0